IELTS practice tests : Learner-friendly testing

Đã lưu trong:
書目詳細資料
主要作者: May, Peter
格式: 圖書
語言:Undetermined
出版: Oxford Oxford University Press 2004
主題:
標簽: 添加標簽
沒有標簽, 成為第一個標記此記錄!
Thư viện lưu trữ: Trung tâm Học liệu Trường Đại học Cần Thơ
LEADER 00598nam a2200217Ia 4500
001 CTU_195629
008 210402s9999 xx 000 0 und d
082 |a 428.0076 
082 |b M466/CD.1 
100 |a May, Peter 
245 0 |a IELTS practice tests : 
245 0 |b Learner-friendly testing 
245 0 |c Peter May 
260 |a Oxford 
260 |b Oxford University Press 
260 |c 2004 
650 |a English language,Tiếng Anh 
650 |x Study and teaching,Dạy và học 
904 |i Tuyến 
915 |a 400 
980 |a Trung tâm Học liệu Trường Đại học Cần Thơ